Seven Continents-Vowels Only - Statistics

General Stats
  • This quiz has been taken 33 times
  • The average score is 3 of 7
Answers on the Map
Answers color-coded by a green-red scale on the quiz's map according to % correct below.
 
Answer Stats
Continent % Correct
Africa
89%
Asia
89%
Europe
53%
North America
37%
Oceania
16%
South America
16%
Antarctica
0%
No matching quizzes found
Score Distribution
Percent of People with Each Score
Percentile by Number Answered
Your Score History
You have not taken this quiz